| 000 | 00861nam a2200229 a 4500 | ||
|---|---|---|---|
| 003 | AM-YEHGA | ||
| 040 | _aAM-YeHGA | ||
| 942 |
_2udc _cBK |
||
| 001 | 1376089 | ||
| 005 | 20250617160841.0 | ||
| 008 | 180621s1961 ru ac|||r|||||001|0|rus|| | ||
| 041 | 0 | _arus | |
| 100 | 1 | _aНетылькин, Александр Трофимович | |
| 245 | 1 | 0 |
_aПинск : _bИсторический очерк / _cА. Нетыльник. |
| 260 |
_aМинск : _bГосиздат БССР, _c1961. |
||
| 300 |
_a75 с. : _bил., портр. ; _c20 см. |
||
| 504 | _aБиблиогр. : с. 73-74 | ||
| 650 | 1 | 4 | _aИстория Белоруссии |
| 651 | 4 |
_aПинск, г. (Брестская обл.) _xИстория |
|
| 653 | 0 | _aКоммунистическое строительство - Пинск, г. (Брестская обл.) | |
| 090 | _c464225 | ||
| 999 |
_c461121 _d461121 |
||